5HLuxD.jpg

KING HENRY VIII SENIOR AND PRIMARY SCHOOL LIBRARY OPAC

Daisy and the trouble with maggots (Record no. 3910)

000 -LEADER
fixed length control field 00991nam a22002417a 4500
005 - DATE AND TIME OF LATEST TRANSACTION
control field 20241119134029.0
008 - FIXED-LENGTH DATA ELEMENTS--GENERAL INFORMATION
fixed length control field 241119b ||||| |||| 00| 0 eng d
020 ## - INTERNATIONAL STANDARD BOOK NUMBER
International Standard Book Number 9781782959618
040 ## - CATALOGING SOURCE
Transcribing agency KH8
082 ## - DEWEY DECIMAL CLASSIFICATION NUMBER
Classification number FIC GRA
100 ## - MAIN ENTRY--PERSONAL NAME
Personal name Gray , Kes
Relator term Author
245 ## - TITLE STATEMENT
Title Daisy and the trouble with maggots
Statement of responsibility, etc. Kes Gray
260 ## - PUBLICATION, DISTRIBUTION, ETC.
Place of publication, distribution, etc. London,
Name of publisher, distributor, etc. Red Fox,
Date of publication, distribution, etc. 2020
300 ## - PHYSICAL DESCRIPTION
Extent 221 pages :
Other physical details illustrations ;
Dimensions 20 cm.
500 ## - GENERAL NOTE
General note Illustrations and text on inside covers<br/>Originally published: 2010<br/>Includes index<br/>Formerly CIP
520 ## - SUMMARY, ETC.
Summary, etc. Daisy is incredibly excited when her uncle offers to take her on a fishing trip. There's so much new stuff to learn! Like how water witches turn fishermen into dog poos and why it's a really, really bad idea to use wriggly tiggly maggots as catapult amunition<br/>
521 ## - TARGET AUDIENCE NOTE
Target audience note Children's stories
650 ## - SUBJECT ADDED ENTRY--TOPICAL TERM
Topical term or geographic name entry element Children's stories
650 ## - SUBJECT ADDED ENTRY--TOPICAL TERM
Topical term or geographic name entry element Fiction
650 ## - SUBJECT ADDED ENTRY--TOPICAL TERM
Topical term or geographic name entry element Juvenile works
700 ## - ADDED ENTRY--PERSONAL NAME
Personal name Parsons, Garry
Relator term Illustrator
942 ## - ADDED ENTRY ELEMENTS (KOHA)
Source of classification or shelving scheme
Koha item type Books - Fiction
Holdings
Withdrawn status Lost status Source of classification or shelving scheme Damaged status Not for loan Collection code Permanent Location Current Location Shelving location Date acquired Total Checkouts Full call number Barcode Date last seen Date last checked out Price effective from Koha item type
          Fiction KH8 Primary School Library KH8 Primary School Library Fiction 2024-11-19 1 FIC GRA KHPL000004611 2025-12-05 2024-11-21 2024-11-19 Books - Fiction

Powered By KH8 IT Dept